书目信息 |
| 题名: |
费恩曼物理学讲义补编
|
|
| 作者: | 戈特利勃 , 莱顿 , 费恩曼 著 ;潘笃武 , 李洪芳 译 | |
| 分册: | ||
| 出版信息: | 上海 上海科学技术出版社 2014.10 |
|
| 页数: | 161页 | |
| 开本: | 24cm | |
| 丛书名: | ||
| 单 册: | ||
| 中图分类: | O4 | |
| 科图分类: | ||
| 主题词: | 物理学--wu li xue--教材 | |
| 电子资源: | ||
| ISBN: | 978-7-5478-2185-5 | |
| 000 | 01377nam0 2200337 450 | |
| 001 | CAL 0120141378138 | |
| 005 | 20150811153119.71 | |
| 010 | @a978-7-5478-2185-5@dCNY35.00 | |
| 100 | @a20141106d2014 em y0chiy50 ea | |
| 101 | 1 | @achi@ceng |
| 102 | @aCN@b310000 | |
| 105 | @aa z 001yy | |
| 106 | @ar | |
| 200 | 1 | @a费恩曼物理学讲义补编@Afei en man wu li xue jiang yi bu bian@e思考·建议·领悟·练习@f(美) 费恩曼, (美) 戈特利勃, (美) 莱顿著@g潘笃武, 李洪芳译 |
| 210 | @a上海@c上海科学技术出版社@d2014.10 | |
| 215 | @a161页@c图@d24cm | |
| 312 | @a英文题名取自封面 | |
| 320 | @a有索引 | |
| 330 | @a本书生动地呈现了《费恩曼物理学讲义》的成书历程以及加州理工学院的那段岁月。本书还收录了《费恩曼物理学讲义》的遗珠篇章 —— 费恩曼在加州理工学院讲解过, 但由于当时讲义资料遗失而未收录进《费恩曼物理学讲义》的章节。 | |
| 500 | 10 | @aFeynman's tips on physics: reflections advice insights practice@mChinese |
| 517 | 1 | @a思考·建议·领悟·练习@Asi kao · jian yi · ling wu · lian xi |
| 586 | @a | |
| 606 | 0 | @a物理学@Awu li xue@j教材 |
| 690 | @aO4@v5 | |
| 701 | 1 | @a戈特利勃@Age te li bo@g(Gottlieb, M.A.)@4著 |
| 701 | 1 | @a莱顿@Alai dun@g(Leighton, R.)@4著 |
| 701 | 1 | @a费恩曼@Afei en man@g(Feynman, R.P.)@4著 |
| 702 | 0 | @a潘笃武@Apan du wu@4译 |
| 702 | 0 | @a李洪芳@Ali hong fang@4译 |
| 801 | 0 | @aCN@c20150820 |
| 905 | @a河南城建学院图书馆@dO4@eF344@f3 | |
| 费恩曼物理学讲义补编:思考·建议·领悟·练习/(美) 费恩曼, (美) 戈特利勃, (美) 莱顿著/潘笃武, 李洪芳译.-上海:上海科学技术出版社,2014.10 |
| 161页:图;24cm |
| ISBN 978-7-5478-2185-5:CNY35.00 |
| 本书生动地呈现了《费恩曼物理学讲义》的成书历程以及加州理工学院的那段岁月。本书还收录了《费恩曼物理学讲义》的遗珠篇章 —— 费恩曼在加州理工学院讲解过, 但由于当时讲义资料遗失而未收录进《费恩曼物理学讲义》的章节。 |
| ● |
| 相关链接 |
|
|
|
正题名:费恩曼物理学讲义补编
索取号:O4/F344
 
预约/预借
| 序号 | 登录号 | 条形码 | 馆藏地/架位号 | 状态 | 备注 |
| 1 | 1163266 | 211632660 | 自科库401/401自科库 84排1列3层/ [索取号:O4/F344] | 在馆 | |
| 2 | 1163267 | 211632679 | 自科库401/401自科库 84排1列3层/ [索取号:O4/F344] | 在馆 | |
| 3 | 1163268 | 211632688 | 自科库401/401自科库 84排1列3层/ [索取号:O4/F344] | 在馆 |